Equalities Act 2010 (Record no. 83072)

MARC details
000 -LEADER
fixed length control field 00645cab a22001935a 4500
001 - CONTROL NUMBER
control field L152735
008 - FIXED-LENGTH DATA ELEMENTS--GENERAL INFORMATION
fixed length control field 110419s2011 xxk f s 000 0 eng d
035 ## - SYSTEM CONTROL NUMBER
System control number (Sirsi) u152735
041 0# - LANGUAGE CODE
Language code of text/sound track or separate title eng
100 1# - MAIN ENTRY--PERSONAL NAME
Personal name Spittle, Tim
245 00 - TITLE STATEMENT
Title Equalities Act 2010
260 ## - PUBLICATION, DISTRIBUTION, ETC.
Date of publication, distribution, etc. 2011
490 #0 - SERIES STATEMENT
Series statement Building Engineer
Volume/sequential designation 86(3) March 2011, 14-15(2)
520 ## - SUMMARY, ETC.
Summary, etc. The Equality Act 2010 should make access and facilities necessary in buildings for certain groups of people a little clearer; Building Regulations Part M; DDA.
590 ## - LOCAL NOTE (RLIN)
Local note KA
651 #4 - SUBJECT ADDED ENTRY--GEOGRAPHIC NAME
Geographic name England and Wales
Chronological subdivision 1543-
690 ## - LOCAL SUBJECT ADDED ENTRY--TOPICAL TERM (OCLC, RLIN)
Topical term or geographic name as entry element MANAGEMENT-BUSINESS MANAGEMENT-DISCRIMINATION
942 ## - ADDED ENTRY ELEMENTS (KOHA)
Suppress in OPAC 0
Holdings
Withdrawn status Lost status Source of classification or shelving scheme Damaged status Not for loan Home library Current library Shelving location Date acquired Total Checkouts Full call number Barcode Date last seen Copy number Price effective from Koha item type
    Dewey Decimal Classification     London London Journal article 19/04/2011   L152735 152735-1001 06/08/2019 1 06/08/2019 Journal article